| 000 | 00679nam a2200181 i 4500 | ||
|---|---|---|---|
| 001 | 78431 | ||
| 003 | ES-MaACL | ||
| 005 | 20250922144649.0 | ||
| 007 | t| | ||
| 008 | 041014s1971 sp ||||1| spa d | ||
| 100 | 1 |
_aHauriou, André. _962102 |
|
| 245 | 1 | 0 |
_aDerecho constitucional e instituciones políticas / _cAndré Hauriou ; traducción, adaptación y apéndice sobre "El Derecho constitucional y la instituciones políticas en España", José Antonio González Casanova. |
| 260 |
_aBarcelona : _bAriel, _c[1971] |
||
| 300 |
_a958 p. ; _c19 cm. |
||
| 700 | 1 |
_aGonzález Casanova, J. A., _d1935- _9144814 |
|
| 852 |
_aES-MaACL _jC-56637 _bR.89391 |
||
| 999 |
_c78431 _d78431 |
||